00457nam a2200157Ia 4500003000900000008004100009020001600050040001600066080001500082100002200097245009400119260003900213300001400252650001400266650001900280IN-BaIIA211028s9999 xx 000 0 eng d a486-61073-X cIIA Library a621.7bBUC aBuckingham, Earle 0aAnalytical mechanics of gearscEarle Buckingham  aNew YorkbDover Publicationsc1949 aix, 546p. aMechanics aNASA Thesaurus